000 00278nam a22001217a 4500
008 170717b xxu||||| |||| 00| 0 eng d
041 _aeng
080 _a2
100 _a24
101 _aTEO
245 _aTHE TRANSFORMATION OF THEOLOGY 1830-1890
_cCASHDOLLAR
942 _2udc
_cBK
999 _c21258
_d21258